#hot16challenge2 - Statystyki

Ogólne statystyki
  • Ten quiz został rozwiązany 389 razy
  • Średni wynik to 6 z 15
Statystyki odpowiedzi
Tekst Wykonawca % Poprawnych
Może ktoś to gdzieś przewidział, ale wróżba raczej tępa. Nie pytają cię o imię, walczą z ostrym cieniem mgł Andrzej Duda
86%
Za wszystkie krzywdy sam przeproszę Boga One kuszą mnie jak zło-o, biały towar Szpaku
82%
Drugi sezon, miały być wakacje życia covid jednak szybko zmienił tu nasz sposób bycia Friz
70%
MUREM ZA BONUSEM do końca psy i mafia rządząca odebrali dzieciom ojca Białas
58%
Młody boss, niektórzy ludzi nie chcą żebym w ważne sprawy wtykał nos Żabson
58%
Wydałem na klocki twój łańcuch Mój skład ścigał minister finansów Taconafide
46%
Kiedy nawijam to palę i zwijam Prawda jest taka, że nosisz makijaż Young Igi
46%
Socjalistą wierzą głupi ale na nas to się skrupi więc pieprzeni socjaliści muszą wisieć zamiast liści Janusz Korwin Mikke
38%
o nie, nie za mną to nie przejdzie nie będę rapował bo nie umiem rapować chociaż mnie nominował Dawid Podsiadło
25%
Przywódca konkwisty słucham non fiction pisze takie punche ze zalewam strony krwią z kłykci Słoń
14%
Dawno sie nie gryzę w język mam wyjebane a ty w prawdę możesz wierzyć Kali
10%
Hejty płaczą z bólu, popękały wianki Laski cierpią bardziej, dziewiczy ból sraki Paluch
7%
Nie mów mi o byciu wpływowym jestem jutjuberem, co się raperom w bity wpierdolił Krzysztof Gonciarz
6%
A w telewizji propaganda zła karma stoi gospodarka bezkarna władza odbiera nam prawa kolejna ofiara dostała mandat Grubson
5%
Hejty spadały tu na mnie dzieciaku jak bomba na dom w Hiroszimie Kubańczyk
4%
Nie znaleziono quizów pasujących do podanych kryteriów
Rozkład punktacji
Procent ludzi z każdym wynikiem
Percentyl według liczby udzielonych odpowiedzi
Twoja historia wyników
Nie rozwiązałeś tego quizu